000 00631nam a2200241Ia 4500
001 27353
005 20240114001001.0
007 ta
008 060523s1954 g b000 u 465 u
040 _aCotton College,Assam
041 _a465
082 _a824.91
_bW 644 St
100 _aWilde, Oscar .
245 0 _aSelected Essays and Poems /
_cOscar Wilde.
_hTextual Documents
250 _a1st ed. /
260 _aMiddlesex :
_bPenguin Books Ltd ,
_c1954.
300 _a252p. ;
_c21cm.
653 _aEnglish essays-Criticism
653 _aG-English
942 _2ddc
_cBK
999 _c27335
_d27335